| 000 | 00454nam a2200181Ia 4500 | ||
|---|---|---|---|
| 001 | 1611 | ||
| 005 | 20260306143741.0 | ||
| 008 | 260306t2011||||xx |||||||||||||| ||spa|| | ||
| 041 | _aESP | ||
| 082 |
_a153.4 _bC28 |
||
| 100 |
_aCarretié Aranguena, Luis _eAUT |
||
| 245 | 0 |
_aAnatomía de la mente: _bemoción, cognición y cerebro |
|
| 260 | _c2011 | ||
| 300 |
_a268 páginas : _c23 cm. |
||
| 650 | _aGEN | ||
| 654 | _aCPS | ||
| 942 |
_cLIB _dJUS _fJUS _2ddc _n |
||
| 999 |
_c1611 _d1611 |
||